000 00269nam a2200121 i 4500
001 bg
245 0 _aJęzyk rosyjski dla lektoratów.
_nCz.2.
260 _aSzczecin,
_c1971.
040 _cBPK
041 _apol
942 _cKS
008 s pl f |000 0 pol
999 _c7447
_d7447
856 _uhttp://koha.tu.koszalin.pl/cgi-bin/koha/opac-detail.pl?biblionumber=7447
_yKatalog online BPK